[Event "Mumbai Mayors Cup 1st"]
[Site "Mumbai"]
[Date "2008.05.11"]
[Round "1"]
[White "Swar, Vira"]
[Black "Akshat, Khamparia"]
[Result "0-1"]
[WhiteElo "1565"]
[BlackElo "2287"]
[PlyCount "48"]
[EventDate "2008.05.11"]
[EventType "swiss"]
[EventRounds "11"]
[EventCountry "IND"]
[SourceTitle "CBM 124 Extra"]
[Source "ChessBase"]
[SourceDate "2008.07.03"]
[SourceVersion "1"]
[SourceVersionDate "2008.07.03"]
[SourceQuality "1"]

1. e4 c5 2. Nf3 d6 3. d4 cxd4 4. Nxd4 Nf6 5. Nc3 a6 6. Be2 e6 7. Be3 Qc7 8. Qd2 b5 9. f3 Bb7 10. 0-0 Nbd7 11. Nb3 b4 12. Na4 d5 13. exd5 Nxd5 14. Nd4 Bd6 15. c4 Nxe3 16. Qxe3 Bxh2+ 17. Kh1 Bf4 18. Qb3 Qe5 19. Rad1 Qh5+ 20. Kg1 Qh2+ 21. Kf2 Qh4+ 22. Kg1 Bh2+ 23. Kh1 Bg3+ 24. Kg1 Qh2# 0-1